000 01482nam a2200301 a 4500
001 BRCA_3210
005 20190320204151.0
008 270209s1755----enka---###---#000-0#eng-#
041 _aeng
044 _aenk
084 _a511
_b.M55
_c1755
100 1 _aCervantes Saavedra, Miguel de
_d1547-1616
_9213
245 1 0 _aThe History and Adventures of the Ronowned Don Quixote
_cTranslated from the Spanish of Miguel de Cervantes Saavedra.
260 _aLondres
_bA. Millar
_c1755
300 _a2 v.
_bil.
_c30 cm.
500 _aContenido : v.1. Primera parte. Vida de Cervantes por Smollett. Nota del traductor. Prólogo del autor. -- v.2. Segunda parte. Prólogo de Cervantes. Aprobaciones y licencia de la edición príncipe
500 _aEdición : To which is Prefixed, some Account of the Author´s Life by T. Smollett. Illustrated whith 28 new Copper-Plates Designed by Hayman and Engraved by the Best Artists
500 _aEjemplar similar al anterior [510]; la diferencia consiste en que el presente sustituye las láminas de Hayman con las de Coypel. Piel Lúdovik Osterc
500 _aQM413
546 _aTexto en : inglés
650 1 4 _aNovela española
_yÉpoca clásica, 1500-1700
_9215
650 1 4 _aLiteratura española
_yÉpoca clásica, 1500-1700
_9216
650 1 4 _aNovela española
_ySiglo XVII
_9217
650 1 4 _aDon Quijote (Personaje ficticio)
_eNovela
_9218
740 0 _aEl Ingenioso Hidalgo Don Quijote de la Mancha
902 _aQFM
942 _2lcc
_cB
999 _c2946
_d2946